| 000 | 00863nam a2200229Ia 4500 | ||
|---|---|---|---|
| 001 | 18395 | ||
| 003 | GE_BSU | ||
| 008 | 181216s||||||||xx |||||||||||||| ||und|| | ||
| 040 | _cGE_BSU | ||
| 080 | _a811.353.1-84(076.1) | ||
| 100 | _aშარაშენიძე, ნინო., გაბუნია, კახა | ||
| 245 | _aქართული ენა. 1-2 ნაწ. სამუშაო რვეული. | ||
| 245 | _bსასწავლო მასალები არაქართულენოვანი მასწავლებლებისთვის | ||
| 260 | _aთბილისი | ||
| 260 | _bსაიმედო | ||
| 260 | _c2006 | ||
| 300 | _a165გვ.29სმ. | ||
| 541 | _h38ლ. | ||
| 653 | _aსამუშაო რვეული. | ||
| 653 | _aქართული ენა. | ||
| 942 | _cBK | ||
| 999 |
_c51410 _d51410 |
||